| 000 | 00708nam a2200217Ia 4500 | ||
|---|---|---|---|
| 003 | GCL | ||
| 008 | 140319s9999 xx 000 0 ara d | ||
| 040 |
_aGCL / _cGCL |
||
| 082 | 0 | 4 |
_aد _b050 |
| 100 | 1 | _aالفاروق زكى يونس | |
| 245 | 1 | 0 |
_aنظرية الثقافة (عالم المعرفة223) / _cالفاروق زكى يونس |
| 700 | 1 | _aمجموعة من الكتاب | |
| 700 | 1 | _aعلى سيد الصاوى (مترجم) | |
| 300 | _a433 | ||
| 490 |
_aعالم المعرفة _v0 |
||
| 650 | 0 | 4 | _aالثقافة الاسلامية |
| 650 | 0 | 4 | _aالثقافة |
| 650 | 0 | 4 | _aالانثروبولوجيا الثقافية |
| 650 | 0 | 4 | _aالانثروبولوجيا |
| 942 |
_2ddc _cBK |
||
| 999 |
_c49570 _d49570 |
||